Trenčín Hrad

Zobrazenie: Pohľad v bielom orámovaní na Trenčiansky hrad z ostrovčeka v rieke Váh. Vľavo železeničný most. Pod hradom domy a mestská veža

Podrobná bibliografia
Médium: Pohľadnica
Jazyk:slovenčina
Fyzický popis:1 pohľadnica čiernobiela 9 x 14 cm
Vydavateľské údaje: Trenčín Max Fried [1932?]
Predmet:

MARC

LEADER 00000nkm a2200000 a 4500
001 vtls011769841
003 SK-MaSNL
005 20260512122934.0
007 kp bo
008 230706q1932 xo g kuslo
015 |a SNBG1932 
035 |a urn:nbn:sk:snk-km00dmc5 
035 |a urn:nbn:sk:snk-km3m0wf 
035 |a 3E4B340C-BCFF-4FB1-BDD8-6F1E3AB0946F 
040 |a SNK  |b slo  |c SNK  |e AACR2 
041 0 |a slo 
043 |a e-xo--- 
044 |a xo  |c SK 
072 7 |a 913  |x Regionálna geografia  |2 konspekt 
072 7 |a 72  |x Architektúra  |2 konspekt 
072 7 |a 624  |x Stavebné inžinierstvo  |2 konspekt 
080 |a 913 437.641  |2 2011 
080 |a 728.81  |2 2011 
080 |a (084.121)  |2 2011 
080 |a 624.21/.8  |2 2011 
245 0 0 |a Trenčín  |h grafika  |b Hrad 
260 |a Trenčín  |b Max Fried  |c [1932?] 
300 |a 1 pohľadnica  |b čiernobiela  |c 9 x 14 cm 
520 8 |a Zobrazenie: Pohľad v bielom orámovaní na Trenčiansky hrad z ostrovčeka v rieke Váh. Vľavo železeničný most. Pod hradom domy a mestská veža 
610 2 7 |a Trenčiansky hrad (Trenčín, Slovensko)  |2 SNKKA  |9 33647 
650 0 7 |a hrady  |2 SNKPH  |9 3039 
650 0 7 |a mosty  |2 SNKPH  |9 3015 
651 7 |a Trenčín (Slovensko)  |2 SNKPHgeo  |9 159956 
655 7 |a miestne pohľadnice  |2 SNKPH  |9 70510 
852 |a Slovenská národná knižnica 
958 |a GBN 
958 |a GC 
958 |a ONDV 
999 |c 684549  |d 686479 
952 |a SNK  |b SNK  |y PREZ  |7 0  |p 17A1293010  |o snkSP 58085  |z Pohľadnica prešla poštou.  |0 0  |1 0  |4 0  |d 2018-07-31  |f 1  |l 0  |r 2026-02-23 20:08:30  |w 2026-02-23